00513nam a2200181Ia 4500999001700000003000400017005001700021008004100038040000900079082001800088100002800106245007800134250001200212260003600224300000900260650002000269942004200289 c22028d22028OSt20200914142929.0190216s9999||||xx |||||||||||||| ||und|| coclc a954.83bMIL/M aMiller, Roland E 91766 0aMappila Muslims Of Kerala :bA Study In Islamic Trends /cRoland E Miller a1st Ed. bOrient Longman,c1976.aBombay: a350p aIslamic History cBK2ddch954.83iMIL/Mk954.83mMIL/M